| 000 | nam a22 7a 4500 | ||
|---|---|---|---|
| 999 |
_c18161 _d18159 |
||
| 001 | 25502 | ||
| 003 | OSt | ||
| 005 | 20220105123020.0 | ||
| 008 | 220105b xxu||||| |||| 00| 0 eng d | ||
| 020 | _a716203014 | ||
| 040 | _cDDC | ||
| 082 | _aR/287.509 | ||
| 245 |
_aA History of the Methodist Church in Great Britain _bVolume 2 _c[General Editors] Rupert Davis, A. Raymond George, Gorden Rupp |
||
| 260 |
_aLondon _bEpworth Press _c1978 |
||
| 300 |
_a340 P, : _c25 cm |
||
| 500 | _ainclude Index | ||
| 942 |
_2ddc _cBK |
||